000 00755nam a2200229 a 4500
999 _c8228
_d8228
001 8228
003 BD-JhCC
005 20220904134022.0
008 180219b1938 bg |||| ||a| 000 0 ben d
020 _a978984881560
035 _a(BD-JhCC) 8228
040 _aBD-JhCC
_dBD-JhCC
041 _aben
082 _a891.443
_bBAN 1938
100 _aবন্দোপাধ্যায়, বিভূতিভূষণ
245 _aআরণ্যক /
_c বিভূতিভূষণ বন্দোপাধ্যায়
260 _aঢাকা :
_bদি ইউনিভার্সিটি প্রেস লিমিটেড ,
_c1938
300 _a182 p .:
_c22 cm .
650 _aBengali Novel
942 _2ddc
_cBK
_015